000 00882nam a2200253Ia 4500
003 OSt
005 20220923211202.0
006 a|||||r|||| 00| 0
007 ta
008 220922b |||||||| |||| 00| 0 hin d
020 _a8188895113 (hbk)
_c60
024 _a245,486
037 _b387, 11/02/2011, Swaraj Prakashan
_cTextual
040 _aARTS
_cARTS
_bhin
041 _2hin
_ahin
082 _aO152,2N36,NS, P4
100 _aडबराल, पार्थसारथि
_9156365
245 0 _aनिर्वासित सेनापति
246 _aNirvāsit senāpati
260 _aनयी दिल्ली
_b शिवानी बुक्स
_c2004
300 _a79पृ.
_ccm.
942 _hO152,2N36,NS, P4
_cTEXL
_2CC
999 _c296491
_d296491